<?xml version="1.0" encoding="UTF-8"?>
<record
    xmlns:xsi="http://www.w3.org/2001/XMLSchema-instance"
    xsi:schemaLocation="http://www.loc.gov/MARC21/slim http://www.loc.gov/standards/marcxml/schema/MARC21slim.xsd"
    xmlns="http://www.loc.gov/MARC21/slim">

  <leader>04422nam a2200229z  4500</leader>
  <controlfield tag="008">260113n        xx |         u||| ||und u</controlfield>
  <datafield tag="020" ind1=" " ind2=" ">
    <subfield code="a">9781350466043</subfield>
  </datafield>
  <datafield tag="040" ind1=" " ind2=" ">
    <subfield code="c">tbs</subfield>
  </datafield>
  <datafield tag="041" ind1=" " ind2=" ">
    <subfield code="a">en</subfield>
  </datafield>
  <datafield tag="100" ind1=" " ind2=" ">
    <subfield code="a">Beyer, Judith</subfield>
    <subfield code="9">26678</subfield>
  </datafield>
  <datafield tag="245" ind1=" " ind2=" ">
    <subfield code="a">Antigender Fashion The Possibilities of Gender-Fluid and Non-Binary Fashion Design</subfield>
    <subfield code="c">/ Judith Beyer</subfield>
  </datafield>
  <datafield tag="260" ind1=" " ind2=" ">
    <subfield code="a">London</subfield>
    <subfield code="b">Bloomsbury</subfield>
    <subfield code="c">2025</subfield>
  </datafield>
  <datafield tag="300" ind1=" " ind2=" ">
    <subfield code="a">256 pages </subfield>
    <subfield code="b">234 x 156 mm</subfield>
  </datafield>
  <datafield tag="490" ind1=" " ind2=" ">
    <subfield code="a">Dress, Body, Culture</subfield>
  </datafield>
  <datafield tag="505" ind1=" " ind2=" ">
    <subfield code="a">1. Troubling Gender: On the Proliferation of Gender and the Performativity of Fashion &#x2014; Sex, Gender, and Performativity &#x2014; Trans* and the Proliferation of Gender &#x2014; The Performativity of Fashion: Fashion's System of Signification in Post-Postmodernity &#x2014; 

2. Tracing Fluidity: Understanding Moments of Gender-Blurring Fashion &#x2014; Moment I: Bohemians in the Nineteenth Century &#x2014; Moment II: Female Masculinities in the 1920s &#x2014; Moment III: Youth and Countercultures of the 1960s and 1970s &#x2014; Moment IV: Ck One, Unisex, and Millennial Masculinities &#x2014; 

3. Antigender Fashion; or, Why Can't Girls Have Dicks and Boys Have Boobs? &#x2014; Anti-Fashion and Subculture: Anti-Fashion as &#x2018;Confrontational&#x2019; Dress &#x2014; Anti-Fashion and Queerness: Anti-Fashion as Oppositional Dress &#x2014; Anti-Fashion and Feminism: Anti-Fashion as Protest &#x2014; Philosophical Perspectives on Anti-Fashion: A Dialectical Approach &#x2014; From Anti-Fashion to Antigender Fashion &#x2014; 

4. JW Anderson: The Architecture of Antigender Fashion &#x2014; Millennial Masculinity and JW Anderson's Beginnings &#x2014; Moment I: (Re-)Building the Architecture of Man and Woman &#x2014; Moment II: Out of Proportion or Fashioning the Grotesque Antigendered Body &#x2014; Moment III: The Camp, the Carnival, the Surreal of Antigender Fashion &#x2014; 

5. Alessandro Michele and Gucci: The Bricolage of Antigender Fashion &#x2014; Gender Fluidity Goes Mainstream: The Making and Breaking of Gucci &#x2014; Moment I: Gucci's New Man &#x2013; Antigender Fashion and the Floral Suit &#x2014; Moment II: Time Leaps, D&#xE9;tournement, and Memory &#x2014; Moment III: The Bricolage, the Cyborg, and the Post-Human of Antigender &#x2014; 

6. Art School: Dressing the Queer and Antigendered Body &#x2014; Designing with and within London's Queer/Trans* Community &#x2014; Moment I: Performing Fashion, Performing Queerness &#x2013; Staging Antigender Fashion &#x2014; Moment II: Antigender Bodies In-Between &#x2013; Dressing Intersectionalities or the Trans*, Ageing, Fat, and Disabled Body &#x2014; Moment III: On Gothic Queer Cultures &#x2013; the Uncanny Horror in Art School's Antigender Fashion &#x2014; 

7. No Sesso: Styling the Black, Antigendered, and Afrofuturist Body &#x2014; On Disidentification and Designing for an Inclusive Future &#x2014; Moment I: Antigender Streetwear &#x2014; Moment II: Reusing, Recycling, and Remembering &#x2014; Moment III: Antigender and Afrofuturism.</subfield>
  </datafield>
  <datafield tag="520" ind1=" " ind2=" ">
    <subfield code="a">An open access book, Antigender Fashion is a rich examination of gender fluidity in contemporary fashion design, Judith Beyer develops an emerging new theoretical framework for understanding how fashion can blur and challenge gender boundaries.

How is gender fluidity in contemporary fashion different from 20th century androgyny or millennial unisex styles? Like antifashion, which opposes and challenges fashion, Beyer argues that antigender fashion seeks to dismantle and confront binary gender signifiers. After tracing the history of gender-blurring fashion from Marlene Dietrich's androgynous tailoring to Alessandro Michele's floral Gucci suits, case studies of four high-profile fashion brands reveal the diverse approaches to gender-fluidity in contemporary fashion.

Investigating each case study through multiple theoretical perspectives &#x2013; from gender studies to gothic horror, cyborg theory to Afrofuturism &#x2013; Beyer situates antigender fashion in a rich theoretical landscape and illuminates exciting new critical directions for students and researchers. Can antigender fashion influence the construction of contemporary masculinities and femininities &#x2013; and can it be a catalyst for change?

The ebook editions of this book are available open access under a CC BY-NC-ND 4.0 licence on bloomsburycollections.com. Open access was funded by the Bloomsbury Open Collections Library Collective.</subfield>
  </datafield>
  <datafield tag="650" ind1=" " ind2="0">
    <subfield code="a">Fashion design</subfield>
    <subfield code="9">9703</subfield>
  </datafield>
  <datafield tag="650" ind1=" " ind2="0">
    <subfield code="a">Gender expression</subfield>
    <subfield code="9">13047</subfield>
  </datafield>
  <datafield tag="650" ind1=" " ind2="0">
    <subfield code="a">Queer theory</subfield>
    <subfield code="9">26679</subfield>
  </datafield>
  <datafield tag="650" ind1=" " ind2="0">
    <subfield code="a">Transgender people&#x2014;Clothing</subfield>
    <subfield code="9">26680</subfield>
  </datafield>
  <datafield tag="942" ind1=" " ind2=" ">
    <subfield code="2">ddc</subfield>
  </datafield>
  <datafield tag="952" ind1=" " ind2=" ">
    <subfield code="0">0</subfield>
    <subfield code="1">0</subfield>
    <subfield code="2">lcc</subfield>
    <subfield code="4">0</subfield>
    <subfield code="7">0</subfield>
    <subfield code="a">TBS</subfield>
    <subfield code="b">TBS</subfield>
    <subfield code="d">2026-01-28</subfield>
    <subfield code="l">0</subfield>
    <subfield code="o">GT170 BEY</subfield>
    <subfield code="r">2026-01-28</subfield>
    <subfield code="t">1</subfield>
    <subfield code="w">2026-01-28</subfield>
    <subfield code="y">1</subfield>
    <subfield code="z">SOON AVAILABLE</subfield>
  </datafield>
  <datafield tag="999" ind1=" " ind2=" ">
    <subfield code="c">5307</subfield>
    <subfield code="d">5307</subfield>
  </datafield>
</record>
